| 000 | 00987nam a2200289 i 4500 | ||
|---|---|---|---|
| 999 |
_c112 _d112 |
||
| 001 | 020607688 | ||
| 003 | UkOxU | ||
| 005 | 20190726102937.0 | ||
| 008 | 160624s2006 sp ah b 000 1 spa | ||
| 020 | _a9788437606606 | ||
| 040 |
_aUkOxU _beng _erda _cUkOxU |
||
| 082 | _aFIC LAZ | ||
| 245 | 0 | 0 |
_aLazarillo de Tormes / _cedición de Francisco Rico ; con un apéndice bibliográfico por Bienvenido C. Morros. |
| 264 | 1 |
_aMadrid : _bCátedra, _c2006. |
|
| 300 |
_a139, 191 pages : _billustrations, facsimile ; _c18 cm. |
||
| 336 |
_atext _2rdacontent |
||
| 337 |
_aunmediated _2rdamedia |
||
| 338 |
_avolume _2rdacarrier |
||
| 490 | 1 |
_aLetras hispánicas ; _v44 |
|
| 500 | _aModernized orthography. | ||
| 504 | _aIncludes bibliographical references: pages 169-191. | ||
| 700 | 1 |
_aRico, Francisco, _eeditor. |
|
| 700 | 1 |
_aMorros, Bienvenido C., _ewriter of added text. |
|
| 830 | 0 |
_aLetras hispánicas ; _v44. |
|
| 942 |
_2ddc _cFIC |
||